Exposición que eleva al Excmo. Señor Presidente del Consejo de Ministros la Comisión bilbaína encargada de gestionar sobre el arreglo de tarifas de ferro-carriles e introducción de reformas marítimas en virtud del mandato que recibiera de una representación numerosísima de todas las clases sociales y productoras del Señorío de Vizcaya. (Record no. 184886)

MARC details
000 -LEADER
campo de control de longitud fija 00956nam a2200157 i 4500
001 - NÚMERO DE CONTROL
campo de control 184886
003 - IDENTIFICADOR DE NÚMERO DE CONTROL
campo de control ES-MaACL
005 - FECHA Y HORA DE LA ÚLTIMA TRANSACCIÓN
campo de control 20230906222311.0
008 - DATOS DE LONGITUD FIJA--INFORMACIÓN GENERAL
campo de control de longitud fija 160216s1867 sp |||| | spa d
245 00 - MENCIÓN DEL TÍTULO
Título Exposición que eleva al Excmo. Señor Presidente del Consejo de Ministros la Comisión bilbaína encargada de gestionar sobre el arreglo de tarifas de ferro-carriles e introducción de reformas marítimas en virtud del mandato que recibiera de una representación numerosísima de todas las clases sociales y productoras del Señorío de Vizcaya.
260 ## - PUBLICACIÓN, DISTRIBUCIÓN, ETC.
Lugar de publicación, distribución, etc. Bilbao :
Nombre del editor, distribuidor, etc. [s.n.],
Fecha de publicación, distribución, etc. 1867 (
Fabricante Imp. de R.M. y Cortázar)
300 ## - DESCRIPCIÓN FÍSICA
Extensión 44 p. ;
Dimensiones 20 cm.
650 #4 - PUNTO DE ACCESO ADICIONAL DE MATERIA--TÉRMINO DE MATERIA
Término de materia o nombre geográfico como elemento de entrada Ferrocarriles-
Subdivisión geográfica País Vasco.
9 (RLIN) 150491
650 #4 - PUNTO DE ACCESO ADICIONAL DE MATERIA--TÉRMINO DE MATERIA
Término de materia o nombre geográfico como elemento de entrada Ferrocarriles-
Subdivisión geográfica España-
Subdivisión cronológica S. XIX.
9 (RLIN) 12762
852 4# - LOCALIZACIÓN
Ubicación ES-MaACL
Número de control de estantería T-89-F-16
Nota libre - Enc. en un vol. facticio, falto de cub. original
-- - En ded. ms.: Regalo de la Comisión, firmada por Camilo de Villavaso, secretario de la misma
Holdings
Estatus retirado Estado de pérdida Estado de daño No para préstamo Colección Biblioteca de origen Biblioteca actual Ubicación en estantería Fecha de adquisición Fuente de adquisición Total de préstamos Signatura topográfica completa Código de barras Visto por última vez Precio de reemplazo Tipo de ítem Koha
        Colección de folletos Biblioteca del Ateneo de Madrid Biblioteca del Ateneo de Madrid Depósito folletos 16/02/2016     T-89-F-16 1194726 23/02/2023 23/02/2023 Folleto